<?xml version="1.0" encoding="UTF-8"?>
<record
    xmlns:xsi="http://www.w3.org/2001/XMLSchema-instance"
    xsi:schemaLocation="http://www.loc.gov/MARC21/slim http://www.loc.gov/standards/marcxml/schema/MARC21slim.xsd"
    xmlns="http://www.loc.gov/MARC21/slim">

  <leader>01003nam a22002057a 4500</leader>
  <controlfield tag="001">HIN-125850</controlfield>
  <controlfield tag="003">dpl</controlfield>
  <controlfield tag="005">20230911122613.0</controlfield>
  <controlfield tag="008">230906b        |||||||| |||| 00| 0 eng d</controlfield>
  <datafield tag="010" ind1=" " ind2=" ">
    <subfield code="a">HN-98196</subfield>
  </datafield>
  <datafield tag="040" ind1=" " ind2=" ">
    <subfield code="c">DBAD/PUB</subfield>
  </datafield>
  <datafield tag="082" ind1=" " ind2=" ">
    <subfield code="2"> &#x937;&#x937;&#x94D;&#x920; &#x938;&#x902;&#x938;&#x94D;&#x915;&#x930;&#x923; 2016</subfield>
    <subfield code="a">181.45</subfield>
  </datafield>
  <datafield tag="100" ind1=" " ind2=" ">
    <subfield code="a">&#x938;&#x930;&#x938;&#x94D;&#x935;&#x924;&#x940;&#x91C;&#x940;, &#x905;&#x916;&#x923;&#x94D;&#x921;&#x93E;&#x928;&#x928;&#x94D;&#x926;</subfield>
    <subfield code="9">56090</subfield>
  </datafield>
  <datafield tag="245" ind1=" " ind2=" ">
    <subfield code="a">&#x935;&#x947;&#x926;&#x93E;&#x928;&#x94D;&#x924;-&#x92C;&#x94B;&#x927;/</subfield>
    <subfield code="h">&#x939;&#x93F;&#x902;&#x926;&#x940;</subfield>
    <subfield code="c">&#x905;&#x916;&#x923;&#x94D;&#x921;&#x93E;&#x928;&#x928;&#x94D;&#x926; &#x938;&#x930;&#x938;&#x94D;&#x935;&#x924;&#x940;&#x91C;&#x940; &#x914;&#x930; &#x938;&#x902;&#x92A;&#x93E;&#x926;&#x915; &#x935;&#x93F;&#x937;&#x94D;&#x923;&#x941;</subfield>
  </datafield>
  <datafield tag="250" ind1=" " ind2=" ">
    <subfield code="a">&#x937;&#x937;&#x94D;&#x920; &#x938;&#x902;&#x938;&#x94D;&#x915;&#x930;&#x923;</subfield>
  </datafield>
  <datafield tag="260" ind1=" " ind2=" ">
    <subfield code="a">'&#x935;&#x93F;&#x92A;&#x941;&#x932;' 28/16 &#x92C;&#x940;. &#x91C;&#x940;. &#x916;&#x947;&#x930;&#x92E;&#x93E;&#x930;&#x94D;&#x917; &#x92E;&#x93E;&#x932;&#x93E;&#x935;&#x93E;&#x930; &#x939;&#x93F;&#x932; &#x92E;&#x941;&#x902;&#x92C;&#x908; - 400006</subfield>
    <subfield code="b">&#x938;&#x924;&#x94D;&#x938;&#x93E;&#x939;&#x93F;&#x924;&#x94D;&#x92F; &#x92A;&#x94D;&#x930;&#x915;&#x93E;&#x936;&#x928; &#x91F;&#x94D;&#x930;&#x938;&#x94D;&#x91F;</subfield>
    <subfield code="c">2016</subfield>
  </datafield>
  <datafield tag="300" ind1=" " ind2=" ">
    <subfield code="a">521 &#x92A;.</subfield>
    <subfield code="c">21&#x938;&#x947;&#x92E;&#x940; (&#x905;&#x91C;&#x93F;&#x932;&#x94D;&#x926;)</subfield>
  </datafield>
  <datafield tag="700" ind1=" " ind2=" ">
    <subfield code="9">56009</subfield>
    <subfield code="a">&#x935;&#x93F;&#x937;&#x94D;&#x923;&#x941;</subfield>
    <subfield code="e">&#x938;&#x902;&#x92A;&#x93E;&#x926;&#x915;</subfield>
  </datafield>
  <datafield tag="942" ind1=" " ind2=" ">
    <subfield code="2">ddc</subfield>
    <subfield code="c">HN</subfield>
    <subfield code="h">181.45</subfield>
    <subfield code="m">&#x938;&#x930;&#x938;</subfield>
  </datafield>
  <datafield tag="999" ind1=" " ind2=" ">
    <subfield code="c">197946</subfield>
    <subfield code="d">197946</subfield>
  </datafield>
  <datafield tag="952" ind1=" " ind2=" ">
    <subfield code="0">0</subfield>
    <subfield code="1">0</subfield>
    <subfield code="2">ddc</subfield>
    <subfield code="4">0</subfield>
    <subfield code="7">0</subfield>
    <subfield code="8">NFIC</subfield>
    <subfield code="a">CJ</subfield>
    <subfield code="b">CJ</subfield>
    <subfield code="d">2023-09-06</subfield>
    <subfield code="e">DBAD/PUB</subfield>
    <subfield code="g">110.00</subfield>
    <subfield code="l">1</subfield>
    <subfield code="m">1</subfield>
    <subfield code="o">181.45 &#x938;&#x930;&#x938;</subfield>
    <subfield code="p">HN-98196</subfield>
    <subfield code="r">2025-07-07 00:00:00</subfield>
    <subfield code="s">2025-06-21</subfield>
    <subfield code="t">1</subfield>
    <subfield code="v">110.00</subfield>
    <subfield code="w">2023-09-06</subfield>
    <subfield code="y">HN</subfield>
  </datafield>
</record>
